Statistics for Olivier Awards Best New Musicals

Click here to take the quiz!

General Stats

  • This quiz has been taken 6 times
  • The average score is 14 of 45

Answer Stats

HintAnswer% Correct
1981Cats
80%
2008Hairspray
60%
2018Hamilton
60%
2012Matilda
60%
1986The Phantom of the Opera
60%
2005The Producers
60%
1976A Chorus Line
40%
2022Back to the Future
40%
2006Billy Elliot
40%
1983Blood Brothers
40%
2014Book of Mormon
40%
1994City of Angels
40%
2019Come From Away
40%
2020Dear Evan Hansen
40%
1978Evita
40%
2016Kinky Boots
40%
2001Merrily We Roll Along
40%
2010Spring Awakening
40%
2023Standing at the Sky's Edge
40%
1980Sweeney Todd
40%
198442nd Street
20%
1998Beauty and the Beast
20%
1988Candide
20%
1992Carmen Jones
20%
2007Caroline, or Change
20%
1993Crazy for You
20%
1987Follies
20%
2017Groundhog Day
20%
2000Honk!
20%
2004Jerry Springer
20%
2009Jersey Boys
20%
1996Jolson
20%
1999Kat and the Kings
20%
2011Legally Blonde
20%
1997Martin Guerre
20%
1985Me and My Girl
20%
1995Once on this Island
20%
2003Our House
20%
1982Poppy
20%
1989/90Return to the Forbidden Planet
20%
1979Songbook
20%
1991Sunday in the Park with George
20%
2015Sunny Afternoon
20%
1977The Comedy of Errors
20%
2013Top Hat
20%

Score Distribution

Percentile by Number Answered

Percent of People with Each Score

Your Score History

You have not taken this quiz